Power ideas for a happy family. (Record no. 14661)

000 -LEADER
fixed length control field 00592nam a2200205 a 4500
001 - CONTROL NUMBER
control field :::00012494$&:&@@
003 - CONTROL NUMBER IDENTIFIER
control field OkBaRHE
005 - DATE AND TIME OF LATEST TRANSACTION
control field 20100402121818.0
008 - FIXED-LENGTH DATA ELEMENTS--GENERAL INFORMATION
fixed length control field s1972 j 000 0 eng u
020 ## - INTERNATIONAL STANDARD BOOK NUMBER
International Standard Book Number 0800705254
040 ## - CATALOGING SOURCE
Transcribing agency
100 1# - MAIN ENTRY--PERSONAL NAME
Personal name Schuller, Robert Harold.
245 10 - TITLE STATEMENT
Title Power ideas for a happy family.
260 ## - PUBLICATION, DISTRIBUTION, ETC. (IMPRINT)
Place of publication, distribution, etc Old Tappan, NJ., :
Name of publisher, distributor, etc Revell
Date of publication, distribution, etc 1972
300 ## - PHYSICAL DESCRIPTION
Extent 128 p. ;
Dimensions 21 cm.
650 ## - SUBJECT ADDED ENTRY--TOPICAL TERM
Topical term or geographic name as entry element Family
650 ## - SUBJECT ADDED ENTRY--TOPICAL TERM
Topical term or geographic name as entry element Marriage
942 ## - ADDED ENTRY ELEMENTS (KOHA)
Source of classification or shelving scheme
Koha item type Books
Copies
Full call number Copy number Permanent Location Lost status Shelving location Barcode Withdrawn status Source of classification or shelving scheme Date last seen Damaged status Koha item type Date acquired Not for loan Price effective from
HQ 734 .S414 19721RHEMA Bible Training College General Stacks12494  2010-04-14 Books2010-04-14 2010-04-14